Comedias escogidas / (Registro nro. 165534)

Detalles MARC
000 -LEADER
campo de control de longitud fija 00719nam a22001935i 4500
001 - NÚMERO DE CONTROL
campo de control 165534
003 - IDENTIFICADOR DE NÚMERO DE CONTROL
campo de control ES-MaACL
005 - FECHA Y HORA DE LA ÚLTIMA TRANSACCIÓN
campo de control 20250930063146.0
008 - DATOS DE LONGITUD FIJA--INFORMACIÓN GENERAL
campo de control de longitud fija 031014s1828 sp |||| | spa d
040 ## - FUENTE DE CATALOGACIÓN
Centro catalogador/agencia de origen CYL
Lengua de catalogación spa
Centro/agencia transcriptor CYL
100 0# - ENTRADA PRINCIPAL--NOMBRE DE PERSONA
Nombre de persona Solís, Antonio de,
Fechas asociadas al nombre 1610-1686
9 (RLIN) 107210
245 10 - MENCIÓN DEL TÍTULO
Título Comedias escogidas /
Mención de responsabilidad, etc. de Antonio Solís y Rivadeneira.
260 ## - PUBLICACIÓN, DISTRIBUCIÓN, ETC.
Lugar de publicación, distribución, etc. Madrid :
Nombre del editor, distribuidor, etc. [s.n.],
Fecha de publicación, distribución, etc. 1828 (
Fabricante Imprenta de Ortega y Compañía)
300 ## - DESCRIPCIÓN FÍSICA
Extensión 507 p. ;
Dimensiones 15 cm.
500 ## - NOTA GENERAL
Nota general En port.: Tomo único.
505 8# - NOTA DE CONTENIDO CON FORMATO
Nota de contenido con formato Contiene: Un bobo hace ciento -- El amor al uso -- El doctor Carlino -- La gitanilla de Madrid
852 ## - LOCALIZACIÓN
Encuadernación
Ubicación BA
Número de control de estantería R-2406
Nota libre -- Enc. pasta
Encuadernación -- Olim: F-1389
Existencias
Estatus retirado Estado de pérdida Estado de daño No para préstamo Colección Biblioteca de origen Biblioteca actual Ubicación en estantería Fecha de adquisición Fuente de adquisición Total de préstamos Signatura topográfica completa Código de barras Visto por última vez Precio de reemplazo Tipo de ítem Koha
        Libros del s. XIX Biblioteca del Ateneo de Madrid Biblioteca del Ateneo de Madrid Depósito 17/01/2008     R-2406 1173594 23/02/2023 23/02/2023 Libro impreso antiguo